000 00459nam a22001817a 4500
999 _c6138
_d6136
005 20210827122022.0
008 200318b xxu||||| |||| 00| 0 eng d
020 _a9788123916859
041 _aeng
082 _a610.72
100 _aPAL.T.K
_95258
245 _aCLINICAL RESEARCH PRACTICE AND PROSPECTS
250 _a1'ST
260 _aNEW DELHI
_bCBS PUBLISHERS AND DISTRIBUTORS
_c2019
300 _a183 P. ;XII
650 _aPHARMACY
_96773
942 _cBK